Schaum's outline of theory and problems of programming with PASCAL (Record no. 75673)

MARC details
000 -LEADER
fixed length control field 00399nam a2200145Ia 4500
008 - FIXED-LENGTH DATA ELEMENTS--GENERAL INFORMATION
fixed length control field 230917s9999||||xx |||||||||||||| ||und||
020 ## - ISBN
Price RS108
040 ## - CATALOGING SOURCE
-- 24777
Original cataloging agency VIVEKANANDA LIBRARY
041 ## - Language
-- English
082 ## - DDC NUMBER
Classification number 005.133 G713T
100 ## - MAIN ENTRY--PERSONAL NAME
Personal name Gottfried, Byron S
245 #0 - TITLE STATEMENT
Title Schaum's outline of theory and problems of programming with PASCAL
260 ## - PUBLICATION, DISTRIBUTION, ETC. (IMPRINT)
Place of publication, distribution, etc New Delhi
Name of publisher, distributor, etc Tata McGraw-Hill
Date of publication, distribution, etc 1992
942 ## - ADDED ENTRY ELEMENTS (KOHA)
Koha item type Books
Holdings
Withdrawn status Lost status Damaged status Not for loan Location (home branch) Sublocation or collection (holding branch) Shelving location Date acquired Koha issues (times borrowed) Koha full call number Accession No. Koha date last seen Koha item type
        VIVEKANANDA LIBRARY VIVEKANANDA LIBRARY UIET Library 29/08/2002   005.133 G713T 150862 17/09/2023 Books
© Designed and Maintained by Vivekananda Library, MDU Rohtak